KOHA-Header-6

Economy Of Pakistan (Record no. 8883)

000 -LEADER
fixed length control field 00262nam a2200109Ia 4500
100 ## - MAIN ENTRY--AUTHOR NAME
Personal name Khawja Amjad Saeed
245 #0 - TITLE STATEMENT
Title Economy Of Pakistan
260 ## - PUBLICATION, DISTRIBUTION, ETC. (IMPRINT)
Place of publication New York
Name of publisher Viva Books
Year of publication 2012
300 ## - PHYSICAL DESCRIPTION
Number of Pages 467
942 ## - ADDED ENTRY ELEMENTS (KOHA)
Koha item type Books
Holdings
Withdrawn status Lost status Collection code Permanent Location Current Location Shelving location Date acquired Full call number Accession Number Koha item type
    Economics MAJU MAJU Shelf No.A48 2019-09-14 330.95 3996 Economics

Powered by Koha